[Event "IMSA Rapid Men 2019"]
[Site "Hengshui"]
[Date "2019.05.16"]
[Round "10.3"]
[White "Yu, Yangyi"]
[Black "Dominguez Perez, Leinier"]
[Result "0-1"]
[WhiteElo "2739"]
[BlackElo "2750"]
[Annotator "RC"]
[PlyCount "92"]
[EventDate "2019.05.14"]
[EventType "rapid"]
[EventCountry "CHN"]
[SourceTitle "playchess.com"]
[Source "ChessBase"]
[SourceQuality "1"]
[TimeControl "900+10"]

1. d4 {[%emt 0:00:00]} Nf6 {[%emt 0:03:37]} 2. c4 {[%emt 0:00:00]} e6 {[%emt 0:00:01]} 3. Nc3 {[%emt 0:00:00]} d5 {[%emt 0:00:01]} 4. cxd5 {[%emt 0:00:00]} Nxd5 {[%emt 0:00:01]} 5. e4 {[%emt 0:00:00]} Nxc3 {[%emt 0:00:01]} 6. bxc3 {[%emt 0:00:00]} c5 {[%emt 0:00:01]} 7. a3 {[%emt 0:00:02]} g6 {[%emt 0:00:09]} 8. Nf3 {[%emt 0:00:42]} Bg7 {[%emt 0:00:00]} 9. Be2 {[%emt 0:00:23]} O-O {[%emt 0:00:27]} 10. O-O {[%emt 0:00:05]} cxd4 {[%emt 0:00:06]} 11. cxd4 {[%emt 0:00:04]} Nc6 {[%emt 0:00:00]} 12. Bg5 {[%emt 0:01:11]} Qd6 {[%emt 0:04:37]} 13. e5 {[%emt 0:00:39]} Qd5 {[%emt 0:00:01]} 14. Rc1 {[%emt 0:01:04]} h6 {[%emt 0:00:02]} 15. Be3 {[%emt 0:00:56]} Rd8 {[%emt 0:00:01]} 16. Bc4 {[%emt 0:02:17]} Qa5 {[%emt 0:00:34]} 17. Qb3 {[%emt 0:00:30]} Ne7 {[%emt 0:01:05]} 18. Bd2 {[%emt 0:02:10]} Qb6 {[%emt 0:00:19]} 19. Qa2 {[%emt 0:00:10]} Bd7 {[%emt 0:00:28]} 20. Bb4 {[%emt 0:00:11]} Nc6 {[%emt 0:01:24]} 21. Bc5 {[%emt 0:00:47]} Qa5 {[%emt 0:00:11]} 22. Bd6 {[%emt 0:00:36]} Rdc8 {[%emt 0:02:16]} 23. d5 {[%emt 0:00:12]} exd5 {[%emt 0:00:01]} 24. Bxd5 {[%emt 0:00:02]} Nd8 {[%emt 0:00:01]} 25. Nd4 {[%emt 0:00:14]} Rxc1 {[%emt 0:00:14]} 26. Rxc1 {[%emt 0:00:04]} Rc8 {[%emt 0:00:02]} 27. Rd1 {[%emt 0:00:35]} Ba4 {[%emt 0:00:34]} 28. Bb3 {[%emt 0:03:01]} Bxb3 {[%emt 0:00:25]} 29. Nxb3 {[%emt 0:00:48]} Qa4 {[%emt 0:00:27]} 30. h3 {[%emt 0:00:53]} Ne6 {[%emt 0:00:02]} 31. Qb1 {[%emt 0:00:01]} b6 {[%emt 0:01:21]} 32. Qb2 {[%emt 0:01:25]} Qe4 {[%emt 0:00:47]} 33. Nd2 {[%emt 0:00:38]} Qe2 {[%emt 0:00:28]} 34. Rc1 {[%emt 0:00:14]} Rxc1+ 35. Qxc1 {[%emt 0:00:01]} Bxe5 {[%emt 0:00:43]} 36. Bxe5 {[%emt 0:00:07]} Qxe5 {[%emt 0:00:01]} 37. Nf3 {[%emt 0:00:02]} Qf4 {[%emt 0:00:08]} 38. Qc6 {[%emt 0:00:01]} Kg7 {[%emt 0:00:08]} 39. g3 {[%emt 0:00:09]} Qc7 {[%emt 0:00:15]} 40. Qa4 {[%emt 0:00:25]} a5 {[%emt 0:00:13]} 41. h4 {[%emt 0:00:04]} Qc5 {[%emt 0:00:07]} 42. Qb3 {[%emt 0:00:09]} h5 {[%emt 0:00:28]} 43. Qb2+ {[%emt 0:00:05]} Kg8 {[%emt 0:00:01]} 44. a4 {[%emt 0:00:17]} Qc6 {[%emt 0:00:14]} 45. Ne5 {[%emt 0:00:09]} Qxa4 {[%emt 0:00:12]} 46. Qxb6 {[%emt 0:00:01]} Qa1+ {[%emt 0:00:02]} 0-1

[Event "IMSA Rapid Men 2019"]
[Site "Hengshui"]
[Date "2019.05.16"]
[Round "10.4"]
[White "Vidit, Santosh Gujrathi"]
[Black "Mamedov, Rauf"]
[Result "0-1"]
[WhiteElo "2707"]
[BlackElo "2650"]
[Annotator "TA"]
[PlyCount "94"]
[EventDate "2019.05.14"]
[EventType "rapid"]
[EventCountry "CHN"]
[SourceTitle "playchess.com"]
[Source "ChessBase"]
[SourceQuality "1"]

{[%evp 12,94,31,19,45,51,47,32,43,37,47,8,11,-8,-9,-9,-11,-5,-9,-12,-10,-10,-9,-10,-2,-147,-54,-150,-79,-94,-79,-136,-125,-139,-139,-139,-139,-132,-123,-115,-113,-132,-73,-102,-90,-127,-100,-106,-91,-462,-436,-436,-436,-413,-395,-416,-398,-467,-467,-467,-370,-1007,-794,-961,-1069,-1027,-925,-1749,-1743,-1791,-1687,-5206,-5197,-5197,-5177,-1409,-1375,-12816,-4550,-29964,-11488,-6179,-6131,-5110,-5110]} 1. d4 d5 2. c4 e6 3. Nf3 Nf6 4. Nc3 Nbd7 5. Bg5 h6 6. Bh4 c6 7. e3 g5 {D51: Queen's Gambit Declined: 4 Bg5 Nbd7 sidelines} (7... Be7 8. Qc2 O-O 9. O-O-O dxc4 10. g4 b5 11. Rg1 Nd5 12. Bxe7 Qxe7 13. g5 h5 14. g6 f5 15. Ne5 Nxc3 16. Qxc3 Nf6 17. e4 {1-0 (29) Morozevich,A (2675)-Ponomariov,R (2699) Biel 2017}) 8. Bg3 Nh5 9. Be5 Ng7 {White is slightly better.} 10. h3 Nxe5 11. dxe5 Nf5 $146 ({Predecessor:} 11... f5 12. g4 Bb4 13. Qb3 Qa5 14. Kd2 {0-1 (38) Al Yaghshi,M (2056)-Vishnu,P (2534) Sharjah 2017}) 12. e4 d4 13. exf5 dxc3 14. Qxd8+ Kxd8 15. O-O-O+ Kc7 {aiming for ...cxb2+.} 16. f6 Bc5 17. bxc3 Bxf2 18. g4 (18. Be2 $11) 18... Bd7 (18... c5 $17 19. Bd3 Bd7) 19. Bd3 ({Better is} 19. Rd3 $15) 19... Rad8 (19... c5 $142 20. Be4 Ba4) 20. Be4 $17 c5 21. Rd3 (21. Kb2 $142) 21... Ba4 22. Kd2 Bg3 23. Rxd8 Rxd8+ 24. Ke2 b5 25. Rb1 a6 26. Ke3 Rd1 ({Black should play} 26... Kb6 27. cxb5 axb5) 27. cxb5 axb5 28. Bd3 Rxb1 29. Bxb1 {[%mdl 4096] Endgame KBB-KBN} Bd1 30. Bd3 $2 {[%mdl 8192]} (30. Bg6 $17 {is tougher.}) 30... Bf4+ $1 $19 31. Kf2 Bxf3 32. Kxf3 {KB-KB} c4 33. Bg6 Bxe5 34. Bxf7 {[#]} Kd7 $1 35. Bg6 Bxf6 36. Be4 $2 (36. Bf7 Bxc3 37. Bg6) 36... Bxc3 37. Bb7 Kd6 38. Ke4 Kc5 39. Bc8 {[#]} e5 $1 40. Bd7 Bd4 41. Be8 c3 42. Kd3 {[#]} e4+ $1 43. Kc2 (43. Kxe4 c2) 43... e3 {( -> ...e2)} 44. Kd3 Kb4 45. Bc6 Ka3 46. Bxb5 e2 {[%mdl 64] Deflection, Promotion} 47. Kxe2 c2 {Accuracy: White = 24%, Black = 64%.} 0-1

[Event "IMSA Rapid Men 2019"]
[Site "Hengshui"]
[Date "2019.05.16"]
[Round "10.5"]
[White "Fedoseev, Vladimir"]
[Black "Leko, Peter"]
[Result "1/2-1/2"]
[WhiteElo "2683"]
[BlackElo "2674"]
[Annotator "TA"]
[PlyCount "121"]
[EventDate "2019.05.14"]
[EventType "rapid"]
[EventCountry "CHN"]
[SourceTitle "playchess.com"]
[Source "ChessBase"]
[SourceQuality "1"]

{[%evp 18,121,13,13,12,14,14,0,10,6,7,-4,14,6,6,0,0,0,0,7,9,7,9,9,9,6,6,12,22,22,23,18,24,22,22,21,22,22,22,12,22,20,31,6,26,21,21,0,0,0,14,-17,0,0,0,0,0,-19,0,0,0,0,0,-6,-13,-36,-36,-46,-43,-45,-41,-47,14,14,14,14,24,25,24,0,0,0,0,0,0,0,0,0,0,0,0,0,0,0,0,0,0,0,0,0,0,0,0,0,3,0]} 1. d4 Nf6 2. c4 e6 3. Nf3 d5 4. g3 Be7 5. Bg2 O-O 6. O-O dxc4 7. Qc2 a6 8. a4 Bd7 9. Qxc4 Bc6 10. Bf4 Bd6 {E05: Open Catalan: 5 Nf3 Be7} 11. Qc1 Nbd7 12. Nc3 Qe7 13. a5 Rfe8 14. Rd1 {[#]} Rad8 $146 ({Predecessor:} 14... Rab8 15. Bd2 e5 16. dxe5 Nxe5 17. Nd4 Bxg2 18. Kxg2 {½-½ (49) Bu,X (2681)-Onischuk,A (2665) Tsaghkadzor 2015}) 15. Bxd6 cxd6 16. Qc2 Rc8 17. Qd3 Nd5 18. Nxd5 Bxd5 19. Rdc1 Nf6 20. Nd2 Bxg2 21. Kxg2 d5 22. Rc3 Red8 23. Rac1 Qd7 24. b4 Rxc3 25. Qxc3 Ne8 26. Qc5 Nd6 27. Qb6 Qe7 28. Rc5 g6 29. Nf3 f6 30. Nd2 (30. Rc7 $5 {[%cal Rc7e7]} Rd7 31. Rxd7 Qxd7 32. Ne1 $11) 30... Kf7 31. Rc7 Rd7 32. Rc2 Rd8 33. e3 Rd7 34. f3 Rd8 35. e4 dxe4 36. fxe4 Rd7 37. Qc5 Nb5 38. Nb3 $1 Qxc5 39. Rxc5 $11 {[%mdl 4096] Endgame KRN-KRN} Ke7 40. e5 fxe5 ({Reject} 40... Nxd4 $6 41. Nxd4 Rxd4 42. Rc7+ Kd8 43. Rxh7 $16) 41. Rxe5 Nxd4 42. Nc5 Rd5 43. Re4 e5 44. Nxb7 Nc6 (44... Ne6 $15) 45. Rc4 Rb5 46. Rxc6 Rxb7 47. Rxa6 {[#] Strongly threatening Ra8.} Rxb4 {KR-KR} 48. Ra7+ Kf6 {The position is equal.} 49. Rxh7 Ra4 50. Ra7 Ra2+ 51. Kf3 {And now h4 would win.} Rxh2 52. Kg4 Ra2 53. Ra6+ Kf7 54. Kg5 e4 55. Ra7+ Ke6 56. Kf4 Ra4 57. a6 Kf6 58. Ra8 g5+ 59. Kg4 e3+ 60. Kf3 {[#] Hoping for a7.} Ra3 61. g4 {Accuracy: White = 62%, Black = 71%.} 1/2-1/2

[Event "IMSA Rapid Men 2019"]
[Site "Hengshui"]
[Date "2019.05.16"]
[Round "10.6"]
[White "Bu, Xiangzhi"]
[Black "Gelfand, Boris"]
[Result "1-0"]
[WhiteElo "2729"]
[BlackElo "2676"]
[Annotator "TA"]
[PlyCount "73"]
[EventDate "2019.05.14"]
[EventType "rapid"]
[EventCountry "CHN"]
[SourceTitle "playchess.com"]
[Source "ChessBase"]
[SourceQuality "1"]

{[%evp 16,73,0,0,0,0,0,0,0,-23,-21,-27,-24,-31,-31,-39,-15,-35,0,0,0,-21,0,-24,-29,-17,-16,-46,-14,-56,-3,-18,-17,-112,-91,-91,-85,-206,-57,-54,-64,-68,-66,-62,300,300,315,315,679,263,601,600,592,564,29988,29989,29989,29990,29986,29985]} 1. Nf3 d5 2. g3 g6 3. Bg2 Bg7 4. O-O e5 5. d3 Ne7 6. e4 O-O 7. exd5 Nxd5 8. Re1 Nc6 9. Nc3 Nxc3 {A07: Réti Opening: New York and Capablanca Systems} 10. bxc3 Rb8 11. Rb1 b6 {The position is equal.} 12. Bg5 $146 ({Predecessor:} 12. Nd2 Bb7 13. h4 Ne7 14. Bxb7 Rxb7 15. c4 Qd7 16. Qf3 Rbb8 17. Bb2 {0-1 (62) Caruana,F (2795)-So,W (2773) Saint Louis 2016}) 12... f6 13. Be3 Be6 14. c4 Qd7 15. Qc1 Rbd8 16. Qa3 {[#]} e4 $1 {[%mdl 512]} 17. dxe4 Bxc4 18. h4 Rfe8 19. Kh2 Bf7 20. Rbd1 Qe6 $36 {[%mdl 2048] Black is pushing.} 21. Rd5 Qe7 22. Qa4 Bxd5 (22... Qxe4 $15 23. Qxe4 Rxe4 24. Rxd8+ Nxd8) 23. exd5 $11 Ne5 24. Nd4 (24. Nxe5 $11 {was the only way to keep the balance.} fxe5 25. c4) 24... Qd7 25. Qb3 Ng4+ 26. Kg1 (26. Kh1 $17) 26... Nxe3 ({Black should play} 26... Bh6 $1 $19 {aiming for ...Bxe3.} 27. f4 Bf8) 27. Rxe3 $15 Rxe3 28. Qxe3 Re8 29. Ne6 c6 $2 {[%mdl 8192]} (29... Bf8 $15 {keeps the upper hand.}) 30. dxc6 $18 Qd1+ ({Don't go for} 30... Qxe6 $2 31. Qxe6+ Rxe6 32. Bd5 $18) 31. Kh2 Qxc2 $2 {[#]} (31... Bf8 32. Qb3 Kh8) 32. c7 $2 (32. Qd4 $1 {[%mdl 512] Intending Qd7! and mate.} Rxe6 {[#]} 33. Qd7 $1 {[%mdl 576] Double Attack}) 32... Bf8 $2 (32... Qxc7 33. Nxc7 Rxe3) 33. Qd4 Rxe6 34. Qd7 Re8 {With the idea ...Qe2.} 35. Bd5+ {White mates.} Kh8 36. Qxe8 {[%cal Re8f8]} Qxf2+ 37. Bg2 {Accuracy: White = 45%, Black = 31%.} 1-0

[Event "IMSA Rapid Men 2019"]
[Site "Hengshui"]
[Date "2019.05.16"]
[Round "10.7"]
[White "Ponomariov, Ruslan"]
[Black "Wang, Hao"]
[Result "0-1"]
[WhiteElo "2675"]
[BlackElo "2735"]
[Annotator "TA"]
[PlyCount "90"]
[EventDate "2019.05.14"]
[EventType "rapid"]
[EventCountry "CHN"]
[SourceTitle "playchess.com"]
[Source "ChessBase"]
[SourceQuality "1"]

{[%evp 14,118,17,11,35,41,28,17,22,0,0,0,0,0,0,0,0,0,0,-10,-4,-10,0,-12,0,0,0,0,0,0,6,0,0,-21,-12,-21,39,-10,-12,-13,-10,-12,-19,-18,-21,-38,-9,-8,-9,-15,-17,-23,-14,-14,-21,-25,0,-129,-122,-78,-30,-32,-43,-57,0,0,0,-301,-301,-301,-299,-236,-327,-214,-21,-341,-285,-388,-406,-326,-253,-344,-332,-293,-306,-412,0,-812,-702,-1072,-1057,-993,-989,-1053,-1053,-833,-776,-735,-718,-1195,-1119,-1958,-1669,-1331,-1320,-952,-893]} 1. e4 c5 2. Nf3 d6 3. d4 cxd4 4. Nxd4 Nf6 5. Nc3 a6 6. h3 e6 7. g4 h6 8. Bg2 Be7 {B81: Sicilian Scheveningen: Keres Attack} 9. Be3 Nc6 10. f4 Nd7 {The position is equal.} (10... Bd7 11. Qe2 Nxd4 12. Bxd4 Bc6 13. O-O-O Qc7 14. Kb1 e5 15. Be3 {1-0 (45) Grischuk,A (2766)-Duda,J (2737) chess.com INT 2018}) 11. O-O Nxd4 12. Qxd4 O-O 13. Qd2 Rb8 14. Ne2 b5 15. Rad1 Bb7 16. e5 $146 ({Predecessor:} 16. Ng3 Qc7 17. f5 Rbc8 18. c3 Ne5 19. Qc1 Nc4 20. Bxh6 {½-½ (20) Filipchenko,V (2414)-Evtushenko,S (2546) ICCF email 2016}) 16... Bxg2 17. Kxg2 d5 18. Nd4 {aiming for Nc6.} Rc8 19. Qe2 Bc5 20. c3 Qe7 21. Bf2 Rfe8 22. Rfe1 b4 23. Qxa6 Ra8 24. Qe2 Rec8 (24... bxc3 $11 25. bxc3 Bxd4 26. cxd4 (26. Bxd4 Nc5 $11) 26... Nb6) 25. Ra1 bxc3 26. bxc3 Bb6 27. Rec1 $1 Rc4 28. Rab1 Qa3 29. Rb2 Bxd4 30. Bxd4 Nc5 31. Rcb1 Ne4 32. Rb8+ Rxb8 33. Rxb8+ Kh7 {Black wants to play ...Rxd4!} 34. Qb2 Qe7 35. g5 (35. Rb4 $11 {keeps the balance.} Qh4 36. Bf2 Nxf2 37. Qxf2 Qxf2+ 38. Kxf2 Rxc3 39. Rb7) 35... hxg5 $17 36. Rb7 Rc7 37. Rxc7 Qxc7 38. fxg5 Qc4 (38... Nxg5 $15 39. Qc2+ Kg8) 39. Qc2 $11 Kg6 40. Be3 $2 {[%mdl 8192]} (40. h4 $11 {and White stays safe.}) 40... Qxc3 $19 41. Qxc3 Nxc3 {[%mdl 4096] Endgame KB-KN} 42. a3 Kf5 $1 43. Bd4 Ne2 $2 (43... Na4 $19 44. h4 Kg4) 44. Bb2 $2 {[%mdl 8192]} (44. Bc5 $11) 44... Nf4+ ({But not} 44... Kxg5 $2 45. Kf3 $18) 45. Kg3 Ke4 {Played: Nf4-d3} 0-1

[Event "IMSA Rapid Men 2019"]
[Site "Hengshui"]
[Date "2019.05.16"]
[Round "10.8"]
[White "Andreikin, Dmitry"]
[Black "Jones, Gawain C B"]
[Result "1-0"]
[WhiteElo "2722"]
[BlackElo "2702"]
[Annotator "TA"]
[PlyCount "43"]
[EventDate "2019.05.14"]
[EventType "rapid"]
[EventCountry "CHN"]
[SourceTitle "playchess.com"]
[Source "ChessBase"]
[SourceQuality "1"]

{[%evp 16,43,-14,-13,47,47,48,-4,47,25,91,87,118,104,110,114,134,20,18,20,256,271,396,373,390,381,374,349,29994,29995]} 1. d4 Nf6 2. c4 g6 3. Nc3 d5 4. cxd5 Nxd5 5. e4 Nxc3 6. bxc3 Bg7 7. Nf3 c5 8. Be2 Nc6 9. d5 Ne5 {D85: Exchange Grünfeld: Unusual White 7th moves and lines with 7 Nf3} (9... Bxc3+ $11 10. Bd2 Bxa1 11. Qxa1 Nd4 12. Nxd4 cxd4) (9... Bxc3+ 10. Bd2 Bxa1 11. Qxa1 Nd4 12. Nxd4 cxd4 13. Qxd4 f6 14. O-O Qb6 15. Qa1 Bd7 16. Bc3 Rc8 17. Bd4 Qa5 18. Qb2 b6 19. f4 O-O 20. Bd3 f5 21. d6 exd6 {1-0 (39) Dziuba,M (2556)-Ipatov,A (2494) Moscow 2009}) 10. Nxe5 $14 Bxe5 11. O-O ({White should try} 11. Qb3 $14) 11... O-O (11... Bxc3 $11 12. Rb1 O-O) 12. Bh6 Re8 (12... Bxc3 $11 {keeps the balance.} 13. Rc1 Bd4) 13. Qd2 $146 ({Predecessor:} 13. Rc1 Bg7 14. Bxg7 Kxg7 15. f4 a6 16. c4 Qa5 17. Qc2 Bd7 {1-0 (33) Yagupov,I (2439)-Shestakov,S (2340) Donskoj 2003}) 13... e6 14. f4 Bc7 15. Bg5 Qd7 16. f5 (16. a4 $16 {aiming for Bb5.} a6 17. Bc4) 16... exf5 $11 17. exf5 Qd6 $2 (17... Be5 $11 {and Black is okay.}) 18. Bf4 $18 Qe7 (18... Re5 $142 19. fxg6 hxg6) 19. d6 Bxd6 ({Stronger than} 19... Qxe2 20. Rae1 $18) 20. Bxd6 Qxe2 {[#]} 21. Rae1 $1 {[%cal Re1e2]} Qb5 $2 (21... Qxd2 $18 22. Rxe8+ Kg7 23. f6+ Kh6 24. Bf4+ {[#]} Qxf4 $1 {[%mdl 512]} 25. Rxf4 g5) 22. f6 {Accuracy: White = 63%, Black =  9%.} ({Not} 22. fxg6 hxg6 23. Rxe8+ Qxe8 $18) 1-0

[Event "IMSA Rapid Men 2019"]
[Site "Hengshui"]
[Date "2019.05.16"]
[Round "11.1"]
[White "Korobov, Anton"]
[Black "Bu, Xiangzhi"]
[Result "1/2-1/2"]
[WhiteElo "2687"]
[BlackElo "2729"]
[Annotator "TA"]
[PlyCount "93"]
[EventDate "2019.05.14"]
[EventType "rapid"]
[EventCountry "CHN"]
[SourceTitle "playchess.com"]
[Source "ChessBase"]
[SourceQuality "1"]

{[%evp 15,93,9,24,3,13,19,14,0,0,0,0,0,23,0,0,16,4,2,6,-12,0,-17,-12,-7,0,0,10,6,3,6,2,0,6,6,2,4,8,8,8,0,8,8,13,0,0,0,0,3,4,0,0,0,0,0,0,0,0,0,0,0,0,0,0,0,0,0,0,0,0,0,8,8,8,-8,-8,-8,8,8,8,8]} 1. d4 d5 2. c4 c6 3. cxd5 cxd5 4. Bf4 Nc6 5. e3 Nf6 6. Bd3 Bg4 7. Ne2 e6 8. Nbc3 a6 9. Qb3 {D10: Slav Defence: 3 cxd5 (without early Nf3) and 3 Nc3} Na5 10. Qa4+ Nc6 11. Ng3 Bh5 $146 ({Predecessor:} 11... Be7 12. Be5 b5 13. Qb3 Nxe5 14. dxe5 Nd7 15. h3 Nxe5 16. Bb1 Bh4 17. hxg4 Bxg3 18. fxg3 Nxg4 {½-½ (77) Azmaiparashvili,Z (2674)-Gelfand,B (2701) Moscow 2001}) 12. Nxh5 Nxh5 13. Be5 Bd6 (13... Be7 {looks sharper.} 14. Qb3 f6 15. Bg3 f5 16. Be5 O-O) 14. O-O O-O {The position is equal.} 15. Bxd6 Qxd6 16. Rfc1 Nf6 17. Qd1 e5 18. dxe5 Qxe5 19. Ne2 g6 20. Qb3 Rab8 (20... Ng4 {is interesting.} 21. g3 Rab8 22. Nf4 Rfd8 23. Re1 d4) 21. Qc3 Qxc3 22. Rxc3 Rfd8 23. Rb3 d4 24. Nxd4 Nxd4 25. exd4 b5 26. Bf1 Rxd4 {[#]} 27. a4 $1 {[%mdl 512]} Ne4 (27... bxa4 28. Rxb8+) 28. axb5 axb5 29. f3 Nc5 30. Rxb5 Rxb5 31. Bxb5 $11 {[%mdl 4096] Endgame KRB-KRN} Rb4 32. Be8 Rxb2 33. Ra7 f5 34. Bf7+ Kh8 35. h4 Nd3 36. Ra2 Rb1+ 37. Kh2 Rb4 38. g3 Rb2+ 39. Rxb2 Nxb2 {KB-KN} 40. g4 Kg7 41. Bb3 fxg4 42. fxg4 Nd3 43. g5 h6 44. gxh6+ Kxh6 45. Bc2 g5 46. hxg5+ Kxg5 47. Bxd3 {Accuracy: White = 68%, Black = 75%.} 1/2-1/2

[Event "IMSA Rapid Men 2019"]
[Site "Hengshui"]
[Date "2019.05.16"]
[Round "11.2"]
[White "Le, Quang Liem"]
[Black "Andreikin, Dmitry"]
[Result "1/2-1/2"]
[WhiteElo "2704"]
[BlackElo "2722"]
[Annotator "TA"]
[PlyCount "80"]
[EventDate "2019.05.14"]
[EventType "rapid"]
[EventCountry "CHN"]
[SourceTitle "playchess.com"]
[Source "ChessBase"]
[SourceQuality "1"]

{[%evp 12,80,15,16,26,27,33,27,29,7,7,1,1,5,5,0,0,0,0,0,0,0,7,8,9,4,6,16,12,9,9,0,0,0,0,0,0,0,0,0,0,0,0,0,0,0,0,0,0,0,0,0,0,0,0,0,0,0,0,0,0,0,0,0,0,0,0,0,0,0,0]} 1. d4 Nf6 2. c4 e6 3. Nf3 b6 4. g3 Bb7 5. Bg2 Be7 6. O-O O-O 7. Re1 c6 {E17: Queen's Indian: 4 g3 Bb7 5 Bg2 Be7} (7... Qc8 8. Nc3 Ne4 9. Bd2 f5 10. Rc1 d6 11. d5 e5 12. Bh3 Nxd2 13. Nxd2 g5 14. f3 g4 15. fxg4 fxg4 {½-½ (26) Ivanchuk,V (2717)-Andreikin,D (2719) Sitges 2018}) 8. e4 d5 9. e5 Ne4 {White has an edge.} 10. cxd5 cxd5 {The position is equal.} 11. Nbd2 Nxd2 12. Bxd2 Ba6 13. Re3 Qd7 14. Rc1 Nc6 15. Bf1 $146 ({Predecessor:} 15. Rec3) 15... Bxf1 16. Qxf1 Rac8 17. Rec3 {With the idea Qb5.} Nb8 18. Qd3 Rc6 19. Rxc6 Nxc6 20. Kg2 Rc8 21. h4 Nb4 22. Rxc8+ Qxc8 23. Bxb4 Bxb4 24. Ng5 g6 25. Qf3 (25. Qb5 {seems wilder.} Be7 26. Nf3 Kg7 27. a4 h6 28. b3) 25... Qe8 26. Qf4 Be7 27. b3 Qf8 28. Qc1 Bxg5 29. Qxg5 $11 {[%mdl 4096] Endgame KQ-KQ} h6 30. Qf6 Qa3 31. h5 gxh5 32. Qxh6 Qxa2 33. Qg5+ Kf8 34. Qd8+ Kg7 35. Qf6+ Kg8 36. Qd8+ Kg7 $1 37. Qf6+ Kg8 38. Qd8+ Kg7 $1 39. Qf6+ Kg8 40. Qd8+ Kg7 $1 {Accuracy: White = 76%, Black = 89%.} 1/2-1/2

[Event "IMSA Rapid Men 2019"]
[Site "Hengshui"]
[Date "2019.05.16"]
[Round "11.3"]
[White "Dominguez Perez, Leinier"]
[Black "Rapport, Richard"]
[Result "1/2-1/2"]
[WhiteElo "2750"]
[BlackElo "2736"]
[Annotator "TA"]
[PlyCount "136"]
[EventDate "2019.05.14"]
[EventType "rapid"]
[EventCountry "CHN"]
[SourceTitle "playchess.com"]
[Source "ChessBase"]
[SourceQuality "1"]

{[%evp 17,136,40,45,2,32,29,36,20,18,10,17,24,22,22,16,24,56,55,54,62,64,12,43,25,38,38,49,7,7,7,22,15,10,2,15,10,10,0,0,0,0,0,0,0,0,0,6,0,155,6,6,6,15,6,8,0,7,0,0,0,0,0,0,0,0,0,0,0,0,0,6,5,20,0,0,0,0,-7,-8,-12,-27,-50,-8,-8,-6,-8,0,-8,0,0,0,-47,0,0,0,0,0,0,0,0,0,0,0,0,0,0,0,0,0,0,0,0,0,0,0,0,0,0,0,0,0]} 1. e4 d6 2. d4 Nf6 3. Nc3 e5 4. Nf3 Nbd7 5. Bc4 Be7 6. O-O O-O 7. a4 c6 8. Re1 ({Predecessor:} 8. h3 h6 {½-½ (10) Zwahr,P (2318)-Schmidt Schaeffer,S (2383) Germany 2017}) 8... h6 9. h3 Re8 10. dxe5 $146 {C41: Philidor Defence} (10. Be3 Qc7 11. Ba2 Nf8 12. Qd3 Ng6 13. a5 Nh5 14. Ne2 Bf8 15. d5 c5 16. Qd2 Qd8 17. Bc4 Bd7 18. Kh2 Nh4 19. Nxh4 Qxh4 {1-0 (73) Rodshtein,M (2673)-Moussard,J (2601) Skopje 2019}) 10... Nxe5 (10... dxe5 {seems wilder.} 11. Qd3 a5 12. Rd1 Bc5 13. Be3 Qb6) 11. Nxe5 dxe5 12. Qf3 {White is slightly better.} Bb4 13. Rd1 Qe7 14. Ne2 Be6 15. Bxe6 Qxe6 16. Ng3 Bc5 17. Be3 Bxe3 18. Qxe3 Qc4 19. Rd2 (19. Rd6 $14 Re6 20. b3) 19... Red8 20. b3 Qb4 21. Rad1 Rxd2 22. Qxd2 (22. Rxd2 {is interesting.} b5 23. a5 Kh7 24. Nf5 Qxe4 25. Qxe4 Nxe4 26. Re2) 22... Qxd2 23. Rxd2 $14 {[%mdl 4096] Endgame KRN-KRN} Kf8 24. f3 g6 25. Nf1 Ke7 26. Ne3 h5 27. h4 Nd7 28. Nc4 f6 29. Na5 Rb8 30. Kf2 Nc5 31. Ke3 Ne6 32. g3 Nd4 $2 {[#]} ({Black should try} 32... Nc5 $11) 33. c3 ({White has to play} 33. f4 $1 $16) 33... Ne6 $1 $11 34. b4 Nd8 35. Nc4 Nf7 36. Rd1 b6 37. Rd2 Rg8 38. Rd1 g5 39. hxg5 fxg5 40. Rh1 Rh8 $1 41. Ke2 Ke6 42. Ne3 Nd6 43. Kd3 Ne8 44. Nf5 Rh7 45. Ke2 Nf6 46. Rd1 {[#] Rd6+ is the strong threat.} Rd7 47. Rxd7 Kxd7 {KN-KN} 48. Kd3 Ne8 49. Ke2 Ke6 50. Kd3 Kf6 51. Ke2 Ke6 52. Kf2 Nf6 53. Ke2 Ne8 54. Kf2 Nf6 (54... Nd6 $5 {[%cal Rd6f5]} 55. Ne3 a5 $11) 55. Ke2 {The position is equal.} Kd7 56. Kf2 a5 57. bxa5 bxa5 58. Ne3 {Threatens to win with Nc4.} Ke6 59. Nc4 Nd7 $1 60. Nxa5 Nb6 61. Nxc6 {And now a5 would win.} Nxa4 62. c4 Nb2 63. Na5 Nd3+ 64. Kg2 Ne1+ 65. Kf2 Nd3+ 66. Kg2 Ne1+ 67. Kf2 Nd3+ 68. Kg2 Ne1+ {Accuracy: White = 53%, Black = 75%.} 1/2-1/2

[Event "IMSA Rapid Men 2019"]
[Site "Hengshui"]
[Date "2019.05.16"]
[Round "11.4"]
[White "Cheparinov, Ivan"]
[Black "Fedoseev, Vladimir"]
[Result "0-1"]
[WhiteElo "2667"]
[BlackElo "2683"]
[Annotator "TA"]
[PlyCount "68"]
[EventDate "2019.05.14"]
[EventType "rapid"]
[EventCountry "CHN"]
[SourceTitle "playchess.com"]
[Source "ChessBase"]
[SourceQuality "1"]

{[%evp 13,68,24,21,18,29,18,36,10,18,9,35,42,40,27,40,40,52,46,42,18,57,43,30,43,36,30,41,29,20,37,47,50,23,37,20,0,0,0,0,0,0,0,0,0,0,-30,14,-79,-81,-156,-34,-96,-91,-79,0,-718,-702]} 1. e4 e5 2. Nf3 Nf6 3. Nxe5 d6 4. Nf3 Nxe4 5. Nc3 Nxc3 6. dxc3 Be7 7. Be3 O-O 8. Qd2 {C42: Petroff Defence: 3 Nxe5 and unusual White 3rd moves} Nd7 9. O-O-O b6 (9... Nf6 10. Bd3 c5 11. Rhe1 Be6 12. Bg5 d5 13. Qf4 Re8 14. Re5 Qc7 15. Qh4 h6 16. Bxh6 {½-½ (100) Navara,D (2739)-Gelfand,B (2655) Prague 2019}) 10. Nd4 {White is slightly better.} Bb7 11. Kb1 Nc5 12. f3 Qd7 $146 ({Predecessor:} 12... Bf6 13. h4 Qd7 14. Bb5 c6 15. Bf1 h5 16. Rg1 Rfe8 17. g4 hxg4 18. Rxg4 {1-0 (31) Windhausen,G (2478)-Marquardt,G (2270) GER email 2007}) 13. Bb5 c6 14. Be2 Rad8 15. g4 Ne6 16. Nf5 c5 17. h4 Rfe8 18. Bg5 f6 $1 {[%cal Rf6g5]} 19. Be3 d5 20. g5 Nf8 21. Ng3 fxg5 22. Bxg5 Bxg5 23. hxg5 Qc7 24. f4 d4 $1 $36 {[%cal Rd4c3][%mdl 2048] aiming for ...dxc3. Black is pushing.} 25. Rhf1 dxc3 26. Qxc3 Rxd1+ $1 27. Bxd1 Ba6 28. Rf2 Ne6 29. Nh5 Nd4 30. a3 (30. f5 $11 {keeps the balance.} Rf8 31. Qe1 Nxf5 32. Nf6+ gxf6 33. Rxf5) 30... Qe7 $17 31. Kc1 {[#]} ({White should play} 31. Ng3) 31... Kf7 (31... Be2 $1 $17 {And now ...Bxd1 would win.} 32. Ng3 Bxd1 33. Kxd1 Qe6) 32. Rh2 (32. Ng3 $15) 32... Qe4 33. Qd2 Rd8 (33... Qe1 $17 34. Qxe1 Rxe1) 34. Qf2 $2 {[%mdl 8192] [#]} (34. Kb1 $11) 34... Be2 $1 {[%mdl 512] Accuracy: White = 50%, Black = 54%.} 0-1